000 00706nam a2200205 a 4500
001 18562
003 CO-ViMGA
008 141112s2004 ck r 000 u spa d
020 _a9681642260
040 _aCO-ViMGA
_bspa
_cCO-ViMGA
082 0 4 _a338.91724 C652
100 1 _aColclough, Christopher; Manor, James
_926409
245 1 0 _a¿Estados o mercados? . El neoliberalismo y el debate sobre las políticas de desarrollo
260 _aMexico,
_cFondo de cultura económica,
_c1994
300 _a496.p.
590 _aForma de adquisición : Premio - Mincultura
650 1 4 _aNEOLIBERALISMO - PAISES EN DESARROLLO
_926410
650 1 4 _aPolítica ECONOMICA - PAISES EN DESARROLLO
_926411
942 _2ddc
_cBK
999 _c27824
_d27824